[Event "Nutcracker Rapid 2016"]
[Site "Moscow RUS"]
[Date "2016.12.21"]
[Round "1.1"]
[White "Morozevich, Alexander"]
[Black "Fedoseev, Vladimir3"]
[Result "1/2-1/2"]
[WhiteTitle "GM"]
[BlackTitle "GM"]
[WhiteElo "2676"]
[BlackElo "2667"]
[WhiteTeam "Kings"]
[BlackTeam "Princes"]
[WhiteFideId "4116992"]
[BlackFideId "24130737"]
[EventDate "2016.12.21"]

1. e4 c5 2. Nf3 d6 3. d4 cxd4 4. Nxd4 Nf6 5. f3 e5 6. Nb3 d5 7. Bg5 d4 8. c3 Nc6
9. Bb5 h6 10. Bh4 Qb6 11. Bxc6+ bxc6 12. cxd4 Ba6 13. Bf2 Rd8 14. N1d2 exd4 15.
Qc2 Bb4 16. Rc1 Bb5 17. a3 Ba5 18. Qc5 Bxd2+ 19. Kxd2 Ba4 20. Nxd4 Qxb2+ 21. Ke3
Nd7 22. Qb4 Qxb4 23. axb4 O-O 24. Bg3 Rfe8 25. Nxc6 Bxc6 26. Rxc6 Nb6 27. Ra1
Nd5+ 28. Ke2 f5 29. Rd6 fxe4 30. Rxd8 exf3+ 31. Kxf3 Rxd8 32. Rxa7 Nxb4 33. Be5
Rf8+ 34. Ke4 Rf7 1/2-1/2

[Event "Nutcracker Rapid 2016"]
[Site "Moscow RUS"]
[Date "2016.12.21"]
[Round "1.3"]
[White "Oparin, Grigoriy"]
[Black "Dreev, Aleksey"]
[Result "1/2-1/2"]
[WhiteTitle "GM"]
[BlackTitle "GM"]
[WhiteElo "2616"]
[BlackElo "2652"]
[WhiteTeam "Princes"]
[BlackTeam "Kings"]
[WhiteFideId "24125890"]
[BlackFideId "4100107"]
[EventDate "2016.12.21"]

1. e4 c6 2. d4 d5 3. e5 Bf5 4. Nf3 e6 5. Be2 c5 6. Be3 cxd4 7. Nxd4 Ne7 8. O-O
Nbc6 9. Bb5 a6 10. Bxc6+ Nxc6 11. Nxf5 exf5 12. c3 Be7 13. f4 O-O 14. Nd2 d4 15.
cxd4 Nxd4 16. Nc4 Rc8 17. Rc1 b5 18. Qxd4 bxc4 19. Rxc4 Qxd4 20. Rxd4 Bc5 21.
Rd3 Bxe3+ 22. Rxe3 Rc2 23. Rf2 Rc1+ 24. Rf1 Rc2 25. Rf2 1/2-1/2

[Event "Nutcracker Rapid 2016"]
[Site "Moscow RUS"]
[Date "2016.12.21"]
[Round "1.4"]
[White "Dubov, Daniil"]
[Black "Shirov, Alexei"]
[Result "1/2-1/2"]
[WhiteTitle "GM"]
[BlackTitle "GM"]
[WhiteElo "2660"]
[BlackElo "2673"]
[WhiteTeam "Princes"]
[BlackTeam "Kings"]
[WhiteFideId "24126055"]
[BlackFideId "2209390"]
[EventDate "2016.12.21"]

1. c4 e5 2. Nc3 Nc6 3. Nf3 Nf6 4. g3 Nd4 5. Bg2 Nxf3+ 6. Bxf3 Bb4 7. Qb3 Ba5 8.
O-O O-O 9. d3 c6 10. c5 h6 11. Be3 d5 12. cxd6 Qxd6 13. Rfd1 Qe7 14. Qa4 Bc7 15.
b4 Bg4 16. Bxg4 Nxg4 17. Bc5 Bd6 18. Ne4 Bxc5 19. bxc5 f5 20. Nd6 f4 21. Rab1 b5
22. Qe4 Qd7 23. Rf1 Nf6 24. Qxe5 Qh3 25. f3 Rae8 26. Qf5 Qxf5 27. Nxf5 Rxe2 28.
Nd4 Rxa2 29. Nxc6 Nd5 30. Rf2 Rxf2 31. Kxf2 Rc8 32. Nxa7 Rxc5 33. Nxb5 Rc2+ 34.
Kg1 Rd2 35. gxf4 Nxf4 36. d4 Rg2+ 37. Kh1 Rf2 38. Kg1 Rxf3 39. Rf1 Rxf1+ 40.
Kxf1 Kf7 1/2-1/2

[Event "Nutcracker Rapid 2016"]
[Site "Moscow RUS"]
[Date "2016.12.21"]
[Round "2.1"]
[White "Artemiev, Vladislav"]
[Black "Morozevich, Alexander"]
[Result "1-0"]
[WhiteTitle "GM"]
[BlackTitle "GM"]
[WhiteElo "2653"]
[BlackElo "2676"]
[WhiteTeam "Princes"]
[BlackTeam "Kings"]
[WhiteFideId "24101605"]
[BlackFideId "4116992"]
[EventDate "2016.12.21"]

1. b3 e5 2. Bb2 Nc6 3. e3 d5 4. Bb5 Ne7 5. Bxe5 a6 6. Bxc6+ Nxc6 7. Bb2 Bd6 8.
Nf3 O-O 9. Nc3 Qf6 10. Rb1 Qg6 11. Nxd5 Be6 12. Nc3 f5 13. h4 f4 14. h5 Qh6 15.
e4 Bg4 16. d4 Rad8 17. Qd3 b5 18. Nd5 g5 19. c4 Bc8 20. cxb5 axb5 21. Qxb5 Nb8
22. Qc4 Be6 23. Qc2 c6 24. Nb6 Na6 25. a3 g4 26. Nd2 f3 27. gxf3 Bf4 28. Nbc4
Nc7 29. a4 Nd5 30. exd5 cxd5 31. Ne5 Bf5 32. Qd1 g3 33. Rg1 Qxh5 34. Nf1 g2 35.
Rxg2+ Kh8 36. Rg1 Rde8 37. Rc1 h6 38. Qe2 Rb8 39. Ng3 Qh2 40. Rh1 Qg2 41. Qf1
Qxf1+ 42. Kxf1 Rxb3 43. Nxf5 Rxf5 44. Rc8+ Kh7 45. Rc7+ Kg8 46. Rg1+ Bg5 47. Bc1
Rb1 48. Ke2 1-0

[Event "Nutcracker Rapid 2016"]
[Site "Moscow RUS"]
[Date "2016.12.21"]
[Round "2.2"]
[White "Oparin, Grigoriy"]
[Black "Gelfand, Boris"]
[Result "1/2-1/2"]
[WhiteTitle "GM"]
[BlackTitle "GM"]
[WhiteElo "2616"]
[BlackElo "2725"]
[WhiteTeam "Princes"]
[BlackTeam "Kings"]
[WhiteFideId "24125890"]
[BlackFideId "2805677"]
[EventDate "2016.12.21"]

1. e4 c5 2. Nc3 Nc6 3. Nf3 e5 4. Bc4 Be7 5. d3 Nf6 6. Nd2 d6 7. Nf1 Bg4 8. f3
Be6 9. Ne3 O-O 10. O-O Nh5 11. g3 Bg5 12. Ncd5 Bxe3+ 13. Bxe3 Na5 14. a4 Nxc4
15. dxc4 h6 16. b3 Bxd5 17. Qxd5 Qe7 18. Rad1 Rfd8 19. Qd2 Nf6 20. Qe2 Qe6 21.
Rd3 Rd7 22. Rfd1 Rad8 23. Qd2 Kh7 24. Kg2 Kg8 25. Kg1 Kh7 26. Kg2 1/2-1/2

[Event "Nutcracker Rapid 2016"]
[Site "Moscow RUS"]
[Date "2016.12.21"]
[Round "2.3"]
[White "Dreev, Aleksey"]
[Black "Dubov, Daniil"]
[Result "1-0"]
[WhiteTitle "GM"]
[BlackTitle "GM"]
[WhiteElo "2652"]
[BlackElo "2660"]
[WhiteTeam "Kings"]
[BlackTeam "Princes"]
[WhiteFideId "4100107"]
[BlackFideId "24126055"]
[EventDate "2016.12.21"]

1. d4 Nf6 2. Nf3 g6 3. g3 b6 4. Bg2 Bb7 5. b3 c5 6. Bb2 cxd4 7. Bxd4 Bg7 8. c4
O-O 9. O-O d6 10. Bb2 Nbd7 11. Nc3 a6 12. Nd4 Bxg2 13. Kxg2 Qc8 14. e3 Ne5 15.
Qe2 Qb7+ 16. e4 Rfc8 17. Rfe1 h5 18. Rad1 h4 19. f4 Ned7 20. Qf3 e5 21. Nc2 b5
22. cxb5 axb5 23. Nb4 hxg3 24. hxg3 exf4 25. gxf4 Nc5 26. e5 Qxf3+ 27. Kxf3 dxe5
28. fxe5 Nfd7 29. Ncd5 Kf8 30. Nf6 Nb8 31. Rc1 Nba6 32. Ba3 Nb8 33. Nd3 Rxa3 34.
Nxc5 Ke7 35. Nd5+ Ke8 36. e6 Nc6 37. e7 Nd4+ 38. Ke4 Nf5 39. Kd3 Rc6 40. Ne4
Raa6 41. Nef6+ 1-0

[Event "Nutcracker Rapid 2016"]
[Site "Moscow RUS"]
[Date "2016.12.21"]
[Round "2.4"]
[White "Shirov, Alexei"]
[Black "Fedoseev, Vladimir3"]
[Result "1/2-1/2"]
[WhiteTitle "GM"]
[BlackTitle "GM"]
[WhiteElo "2673"]
[BlackElo "2667"]
[WhiteTeam "Kings"]
[BlackTeam "Princes"]
[WhiteFideId "2209390"]
[BlackFideId "24130737"]
[EventDate "2016.12.21"]

1. e4 c5 2. Nf3 d6 3. d4 cxd4 4. Nxd4 Nf6 5. Nc3 a6 6. Be3 e6 7. Be2 Bd7 8. g4
h5 9. g5 Ng4 10. Bxg4 hxg4 11. Qxg4 e5 12. Nf5 g6 13. O-O-O gxf5 14. exf5 Qc8
15. Nd5 Bxf5 16. Nf6+ Ke7 17. Nd5+ Ke8 18. Nf6+ Ke7 19. Nd5+ Ke8 1/2-1/2

[Event "Nutcracker Rapid 2016"]
[Site "Moscow RUS"]
[Date "2016.12.21"]
[Round "3.1"]
[White "Morozevich, Alexander"]
[Black "Oparin, Grigoriy"]
[Result "1/2-1/2"]
[WhiteTitle "GM"]
[BlackTitle "GM"]
[WhiteElo "2676"]
[BlackElo "2616"]
[WhiteTeam "Kings"]
[BlackTeam "Princes"]
[WhiteFideId "4116992"]
[BlackFideId "24125890"]
[EventDate "2016.12.21"]

1. d4 Nf6 2. c4 e6 3. Nc3 Bb4 4. Bg5 c5 5. d5 h6 6. Bh4 d6 7. e3 Bxc3+ 8. bxc3
Qe7 9. Nf3 Nbd7 10. Nd2 Nb6 11. dxe6 Qxe6 12. a4 Bd7 13. a5 Nc8 14. a6 bxa6 15.
Rxa6 Rb8 16. Be2 O-O 17. O-O Rb6 18. Rxb6 Nxb6 19. Qa1 Bc6 20. Qxa7 Na4 21. Qa6
Nxc3 22. Qxc6 Nxe2+ 23. Kh1 Nc3 24. Bxf6 Qxf6 25. h3 Rb8 26. Nf3 Qe6 27. Rc1 Ne4
28. Rc2 Rb4 29. Qa6 Kh7 30. Qa2 Qf6 31. Kh2 Qe6 32. Ne1 Qe5+ 33. g3 Nc3 34. Qa3
Rb1 35. Ng2 Ne4 36. Qd3 g6 37. Nf4 Kg7 38. Kg2 Ra1 39. h4 Nf6 40. Rd2 Ne4 41.
Re2 Nf6 42. e4 Rc1 43. Re3 Qd4 44. Qxd4 cxd4 45. Rd3 Rxc4 46. f3 g5 47. Ne2 Rc2
48. Kf1 d5 49. e5 Nd7 50. f4 Nc5 51. Rxd4 gxf4 52. gxf4 Ne6 53. Ra4 Rc4 54. Rxc4
dxc4 55. f5 Nc5 56. Nf4 Nd7 57. e6 1/2-1/2

[Event "Nutcracker Rapid 2016"]
[Site "Moscow RUS"]
[Date "2016.12.21"]
[Round "3.2"]
[White "Gelfand, Boris"]
[Black "Dubov, Daniil"]
[Result "1-0"]
[WhiteTitle "GM"]
[BlackTitle "GM"]
[WhiteElo "2725"]
[BlackElo "2660"]
[WhiteTeam "Kings"]
[BlackTeam "Princes"]
[WhiteFideId "2805677"]
[BlackFideId "24126055"]
[EventDate "2016.12.21"]

1. d4 e6 2. c4 d5 3. Nf3 Nf6 4. Nc3 c6 5. e3 Nbd7 6. Qc2 Bd6 7. Bd3 O-O 8. O-O
dxc4 9. Bxc4 a6 10. Rd1 c5 11. dxc5 Bxc5 12. Bd3 Qc7 13. b3 b6 14. Ne4 Bb7 15.
Bb2 Rac8 16. Nxc5 Nxc5 17. Be5 Qc6 18. Bf1 Nce4 19. Qxc6 Rxc6 20. Rdc1 Rfc8 21.
Rxc6 Rxc6 22. Rd1 Rc8 23. h3 Nd5 24. Ne1 f6 25. Bb2 Nec3 26. Ra1 e5 27. a4 Kf8
28. Rc1 Ne4 29. Rxc8+ Bxc8 30. Bd3 Nd2 31. Bc2 Nb4 32. Ba3 a5 33. Nd3 Bf5 34.
Nxb4 Bxc2 35. Nxc2+ Kf7 36. b4 Ke6 37. bxa5 bxa5 38. Bf8 g6 39. Na3 Kd5 40. f3
e4 41. Kf2 Nb3 42. fxe4+ Kxe4 43. Nc4 Nc1 44. Nxa5 Nd3+ 45. Ke2 Nb2 46. Nb3 Nxa4
47. Nc5+ 1-0

[Event "Nutcracker Rapid 2016"]
[Site "Moscow RUS"]
[Date "2016.12.21"]
[Round "3.3"]
[White "Fedoseev, Vladimir3"]
[Black "Dreev, Aleksey"]
[Result "1/2-1/2"]
[WhiteTitle "GM"]
[BlackTitle "GM"]
[WhiteElo "2667"]
[BlackElo "2652"]
[WhiteTeam "Princes"]
[BlackTeam "Kings"]
[WhiteFideId "24130737"]
[BlackFideId "4100107"]
[EventDate "2016.12.21"]

1. e4 c6 2. d4 d5 3. e5 Bf5 4. Nf3 e6 5. Be2 c5 6. c3 Nc6 7. O-O Bg6 8. Be3 cxd4
9. cxd4 Nge7 10. Nh4 Nf5 11. Nxf5 Bxf5 12. Nc3 Be7 13. Rc1 O-O 14. a3 Rc8 15. b4
a5 16. b5 Nb8 17. Qb3 Nd7 18. Na4 Rxc1 19. Rxc1 Nb6 20. Nxb6 Qxb6 21. a4 Bb4 22.
h4 h6 23. Bd3 Bxd3 24. Qxd3 Qd8 25. g3 Qb8 26. Kg2 Rc8 27. Rc2 Qa8 28. f4 h5 29.
f5 exf5 30. Qxf5 Rxc2+ 31. Qxc2 Qd8 32. Qf5 g6 33. Qf3 Qd7 34. Bg5 Qe6 35. Bf6
Qd7 36. Kh2 Kh7 37. Bg5 Qe6 38. Bd8 Kg8 39. b6 Qc6 40. Bf6 Qxa4 41. Qxd5 Qc2+
42. Kh3 Qc8+ 43. Kh2 Qc2+ 44. Kh3 Qc8+ 45. Kh2 Qc2+ 46. Kh3 1/2-1/2

[Event "Nutcracker Rapid 2016"]
[Site "Moscow RUS"]
[Date "2016.12.21"]
[Round "3.4"]
[White "Artemiev, Vladislav"]
[Black "Shirov, Alexei"]
[Result "1/2-1/2"]
[WhiteTitle "GM"]
[BlackTitle "GM"]
[WhiteElo "2653"]
[BlackElo "2673"]
[WhiteTeam "Princes"]
[BlackTeam "Kings"]
[WhiteFideId "24101605"]
[BlackFideId "2209390"]
[EventDate "2016.12.21"]

1. e4 e5 2. Nf3 Nc6 3. Bc4 Bc5 4. O-O Nf6 5. d3 O-O 6. a4 d5 7. exd5 Nxd5 8. a5
Bg4 9. h3 Bh5 10. c3 f6 11. Qb3 Bf7 12. Qxb7 Nce7 13. Qb3 Ng6 14. d4 Rb8 15. Qa2
e4 16. Nfd2 f5 17. dxc5 Ngf4 18. Kh2 Nxg2 19. Rg1 Ngf4 20. Nf1 Qh4 21. Rg3 Nxh3
22. Rxh3 Qxf2+ 23. Kh1 Nf4 24. Rg3 Ne2 25. Rg2 Qxf1+ 26. Kh2 Qxc1 27. Bxf7+ Rxf7
28. Rxe2 Qf4+ 29. Kg1 Qg3+ 30. Rg2 Qe1+ 31. Kh2 Qh4+ 32. Kg1 Qe1+ 33. Kh2 f4 34.
Nd2 Qh4+ 35. Kg1 f3 36. Rf1 Rf8 37. Rh2 Qg4+ 38. Kh1 e3 39. Nxf3 Qe4 40. b4 Kh8
41. Qc2 Qxc2 42. Rxc2 Rxf3 43. Rxf3 Rxf3 44. Kg2 Rf4 45. Re2 Kg8 46. Rxe3 Kf7
47. Rf3 Rxf3 48. Kxf3 Ke6 49. c4 c6 50. a6 Kd7 51. b5 Kc7 52. b6+ Kb8 53. Kf4 h5
54. Kg5 g6 55. Kh4 Ka8 56. Kg5 1/2-1/2

[Event "Nutcracker Rapid 2016"]
[Site "Moscow RUS"]
[Date "2016.12.21"]
[Round "4.1"]
[White "Dubov, Daniil"]
[Black "Morozevich, Alexander"]
[Result "1/2-1/2"]
[WhiteTitle "GM"]
[BlackTitle "GM"]
[WhiteElo "2660"]
[BlackElo "2676"]
[WhiteTeam "Princes"]
[BlackTeam "Kings"]
[WhiteFideId "24126055"]
[BlackFideId "4116992"]
[EventDate "2016.12.21"]

1. d4 d6 2. Nf3 g6 3. e4 Nf6 4. Nc3 Bg7 5. Bc4 O-O 6. Qe2 Bg4 7. e5 dxe5 8. dxe5
Nfd7 9. e6 Ne5 10. exf7+ Kh8 11. Be3 Nbc6 12. Rd1 Qc8 13. Bd5 Qf5 14. Be4 Qh5
15. Nd5 Rxf7 16. Nxe5 Bxe2 17. Nxf7+ Kg8 18. Nf4 Qa5+ 19. Kxe2 Kxf7 20. Bd5+ Ke8
21. Ne6 Be5 22. f4 Bd6 23. c4 Nb4 24. Be4 Qxa2 25. Kf3 Qxc4 26. Ng5 c6 27. Rhe1
Kd7 28. Nxh7 Nd5 29. Ng5 Rf8 30. g3 e5 31. Nh7 Rf7 32. Bxg6 Rxh7 33. Bxh7 exf4
34. Bd3 Qb4 35. Bd2 Qb3 36. Bxf4 Nxf4 37. gxf4 Kc7 38. h4 Qxb2 39. Rh1 Qf6 40.
f5 Qe5 41. Kg4 a5 42. Rhe1 Qg7+ 43. Kh5 Bg3 44. Re6 Qd4 45. Re7+ Kb8 46. Rxb7+
Ka8 47. Rbb1 Qxh4+ 48. Kg6 Be5 49. Kf7 Qf6+ 50. Ke8 Bc7 51. Be4 Qe5+ 52. Kd7
Qxe4 53. Kxc7 Qe5+ 54. Rd6 Qe7+ 55. Rd7 Qe5+ 56. Rd6 Qe7+ 57. Rd7 Qe5+ 58. Kb6
Qe3+ 59. Kc7 Qe5+ 1/2-1/2

[Event "Nutcracker Rapid 2016"]
[Site "Moscow RUS"]
[Date "2016.12.21"]
[Round "4.2"]
[White "Fedoseev, Vladimir3"]
[Black "Gelfand, Boris"]
[Result "1/2-1/2"]
[WhiteTitle "GM"]
[BlackTitle "GM"]
[WhiteElo "2667"]
[BlackElo "2725"]
[WhiteTeam "Princes"]
[BlackTeam "Kings"]
[WhiteFideId "24130737"]
[BlackFideId "2805677"]
[EventDate "2016.12.21"]

1. e4 c5 2. Nf3 Nc6 3. Bb5 g6 4. Bxc6 bxc6 5. O-O Bg7 6. Re1 Nh6 7. c3 O-O 8. h3
f5 9. e5 Nf7 10. d4 cxd4 11. cxd4 Bb7 12. Na3 Rc8 13. Qb3 Ba8 14. Ng5 Rb8 15.
Qc3 Nxg5 16. Bxg5 f4 17. f3 Rf5 18. Bh4 g5 19. Bf2 e6 20. Nc4 Bf8 21. a3 Qe8 22.
Qa5 h5 23. Qxa7 c5 24. Nd6 Bxd6 25. exd6 g4 26. Bh4 gxf3 27. Rxe6 dxe6 28. d7
Qf8 29. dxc5 f2+ 30. Kh2 Bc6 31. Qc7 Bxd7 32. Qxd7 Qxc5 33. Qxe6+ Kg7 34. Rd1
Rf7 35. b4 Qe3 36. Qd5 Qe2 37. Qg5+ Kf8 38. Qh6+ Kg8 39. Rd6 Rg7 40. Bxf2 Qxf2
41. Qe6+ Kh8 42. Qh6+ Kg8 43. Qe6+ Rf7 44. Qg6+ Rg7 1/2-1/2

[Event "Nutcracker Rapid 2016"]
[Site "Moscow RUS"]
[Date "2016.12.21"]
[Round "4.3"]
[White "Dreev, Aleksey"]
[Black "Artemiev, Vladislav"]
[Result "0-1"]
[WhiteTitle "GM"]
[BlackTitle "GM"]
[WhiteElo "2652"]
[BlackElo "2653"]
[WhiteTeam "Kings"]
[BlackTeam "Princes"]
[WhiteFideId "4100107"]
[BlackFideId "24101605"]
[EventDate "2016.12.21"]

1. d4 d5 2. c4 c6 3. Nf3 Nf6 4. e3 Bf5 5. Nc3 e6 6. Nh4 Bg6 7. Nxg6 hxg6 8. Bd2
Nbd7 9. g3 Be7 10. b3 dxc4 11. bxc4 e5 12. Qb3 Qc7 13. Bg2 O-O 14. O-O Rfd8 15.
Rfd1 Rab8 16. Rab1 Nf8 17. Ne2 Ne6 18. Bc3 exd4 19. exd4 b5 20. Rbc1 bxc4 21.
Qxc4 Nd5 22. Bd2 Rb2 23. Qxc6 Qxc6 24. Rxc6 Bf6 25. Kf1 Ne7 26. Ra6 Nxd4 27. Ba5
Rd7 28. Rxf6 gxf6 29. Rxd4 Rxd4 30. Nxd4 Rxa2 31. Bb4 Nc8 32. Nc6 Kg7 33. h4
Ra1+ 34. Ke2 Ra2+ 35. Ke3 Nb6 36. Bc5 Nc8 37. g4 Ra4 38. Bd4 Nd6 39. Nxa7 Nc4+
40. Ke2 Ne5 41. Nb5 Rb4 42. Bxe5 fxe5 43. Nd6 Rxg4 44. Bd5 Rd4 45. Ne8+ Kf8 46.
Nf6 Rxh4 47. Nd7+ Kg7 48. Bb3 Rb4 49. Bxf7 Kxf7 50. Nxe5+ Kf6 51. Nd3 Rc4 52.
Kf3 Kf5 53. Ne1 Rc3+ 54. Ke2 Ke4 55. Ng2 Ra3 56. Kf1 Ra1+ 57. Ne1 g5 58. Ke2
Ra2+ 59. Kf1 Rd2 60. Ng2 Kf3 61. Ne1+ Kf4 62. Ng2+ Kg4 63. Ne1 Kh3 64. Nf3 Rd1+
65. Ke2 Rd5 66. Kf1 g4 67. Ne1 Rd2 68. Ng2 Rd1+ 69. Ne1 Kh2 70. Ke2 Ra1 71. Kf1
Kh1 72. Ke2 Kg1 73. Nd3 Ra2+ 74. Ke1 Ra8 75. Kd2 Rd8 0-1

[Event "Nutcracker Rapid 2016"]
[Site "Moscow RUS"]
[Date "2016.12.21"]
[Round "4.4"]
[White "Shirov, Alexei"]
[Black "Oparin, Grigoriy"]
[Result "1/2-1/2"]
[WhiteTitle "GM"]
[BlackTitle "GM"]
[WhiteElo "2673"]
[BlackElo "2616"]
[WhiteTeam "Kings"]
[BlackTeam "Princes"]
[WhiteFideId "2209390"]
[BlackFideId "24125890"]
[EventDate "2016.12.21"]

1. d4 Nf6 2. c4 e6 3. Nf3 d5 4. g3 dxc4 5. Bg2 a6 6. O-O Nc6 7. Bg5 Be7 8. e3
O-O 9. Nbd2 e5 10. dxe5 Ng4 11. Bxe7 Qxe7 12. Nxc4 Ngxe5 13. Nfxe5 Nxe5 14. Nxe5
Qxe5 15. Qb3 c6 16. Rfd1 Qb5 17. Qc3 Be6 18. a4 Qh5 19. Qb4 Rab8 20. Qb6 h6 21.
Rd6 Bg4 22. a5 Rfe8 23. b4 Qe5 24. Rd4 h5 25. h3 Bf5 26. Rc1 Qe6 27. h4 Bg4 28.
Rc2 Qb3 29. Rcd2 Qc3 30. Kh2 g6 31. e4 Rec8 32. Rd6 Kg7 33. Qc5 Qxc5 34. bxc5
Kf8 35. f4 Ke7 36. Bh3 Bxh3 37. Kxh3 Rc7 38. f5 gxf5 39. exf5 Kf8 40. f6 Kg8 41.
Re2 Kh7 42. Re5 Kg6 43. Rg5+ Kh6 44. Rd4 Re8 45. Rf4 Rd7 46. Rff5 Rd5 47. Rxh5+
Kg6 48. Rhg5+ Kh6 49. Rxd5 cxd5 50. Rxd5 Kg6 51. h5+ Kxf6 52. Rd6+ Kg5 53. c6
bxc6 54. Rxc6 Kxh5 55. Rxa6 Re5 56. Kg2 Kg4 57. Ra8 Re2+ 58. Kf1 Ra2 59. a6 Kxg3
60. Rf8 1/2-1/2

[Event "Nutcracker Rapid 2016"]
[Site "Moscow RUS"]
[Date "2016.12.22"]
[Round "5.1"]
[White "Morozevich, Alexander"]
[Black "Dubov, Daniil"]
[Result "1/2-1/2"]
[WhiteTitle "GM"]
[BlackTitle "GM"]
[WhiteElo "2676"]
[BlackElo "2660"]
[WhiteTeam "Kings"]
[BlackTeam "Princes"]
[WhiteFideId "4116992"]
[BlackFideId "24126055"]
[EventDate "2016.12.21"]

1. e4 e5 2. Nf3 Nc6 3. Nc3 Nf6 4. d4 exd4 5. Nxd4 Bb4 6. Nxc6 bxc6 7. Bd3 O-O 8.
O-O d5 9. exd5 cxd5 10. h3 c6 11. Qf3 Bd6 12. Bf4 Qc7 13. Bxd6 Qxd6 14. b3 Bd7
15. Qg3 Qxg3 16. fxg3 c5 17. Rxf6 gxf6 18. Nxd5 Kg7 19. Rf1 f5 20. Ne3 Be6 21.
Nxf5+ Kh8 22. Rf4 Rfd8 23. g4 a5 24. Kf2 a4 25. Rxa4 Rxa4 26. bxa4 Bxa2 27. Ne3
Ra8 28. Bb5 Kg7 29. Kf3 Kf6 30. Kf4 h6 31. c4 Ke6 32. Nd5 Ra7 33. Nc3 Bb3 34.
Ne4 Bc2 35. Nxc5+ Kd6 36. Ne4+ Ke7 37. Nc3 Kd6 38. g5 Kc5 39. h4 hxg5+ 40. Kxg5
Kd4 41. Ne2+ Ke5 42. h5 f6+ 43. Kh4 Bxa4 44. Bxa4 Rxa4 45. h6 Ke6 46. h7 Ra8 47.
Kh5 Kf7 48. Kh6 f5 49. Nd4 Ra6+ 50. Kg5 Kg7 51. Kxf5 Ra5+ 52. Ke4 Kxh7 53. Nc6
Rg5 1/2-1/2

[Event "Nutcracker Rapid 2016"]
[Site "Moscow RUS"]
[Date "2016.12.22"]
[Round "5.3"]
[White "Artemiev, Vladislav"]
[Black "Dreev, Aleksey"]
[Result "1-0"]
[WhiteTitle "GM"]
[BlackTitle "GM"]
[WhiteElo "2653"]
[BlackElo "2652"]
[WhiteTeam "Princes"]
[BlackTeam "Kings"]
[WhiteFideId "24101605"]
[BlackFideId "4100107"]
[EventDate "2016.12.21"]

1. d4 d5 2. c4 c6 3. cxd5 cxd5 4. Bg5 h6 5. Bh4 Qb6 6. Nc3 e6 7. Qd2 Ne7 8. f3
Nbc6 9. Rd1 Nf5 10. Bf2 Bb4 11. e4 Nfe7 12. Bd3 e5 13. Nge2 O-O 14. exd5 exd4
15. Nxd4 Nxd5 16. O-O Nxc3 17. bxc3 Bc5 18. Bc2 Nxd4 19. cxd4 Bd6 20. Qd3 g6 21.
Bb3 Bf5 22. Qd2 Kg7 23. Be3 g5 24. d5 Qb4 25. Qf2 Rfe8 26. Bd4+ Kh7 27. Bc2 Bxc2
28. Qxc2+ Kg8 29. Kh1 Be5 30. Bxe5 Rxe5 31. d6 Qc5 32. Qb3 Qb5 33. Qc3 Qc5 34.
Qb2 Qb5 35. Qd4 Qc5 36. Qd2 Rd8 37. f4 Re6 38. d7 Re7 39. Rc1 Qb5 40. Qd6 Rexd7
41. Qxh6 Rd6 42. Qh5 Qd5 43. fxg5 Qe6 44. Rce1 Qxa2 45. Re7 Rg6 46. Rexf7 Qxf7
47. Rxf7 Kxf7 48. Qh7+ Rg7 49. Qf5+ Kg8 50. h4 Rf8 51. Qe6+ Kh8 52. g6 a5 53. h5
Rfg8 54. Qf6 1-0

[Event "Nutcracker Rapid 2016"]
[Site "Moscow RUS"]
[Date "2016.12.22"]
[Round "5.4"]
[White "Oparin, Grigoriy"]
[Black "Shirov, Alexei"]
[Result "1-0"]
[WhiteTitle "GM"]
[BlackTitle "GM"]
[WhiteElo "2616"]
[BlackElo "2673"]
[WhiteTeam "Princes"]
[BlackTeam "Kings"]
[WhiteFideId "24125890"]
[BlackFideId "2209390"]
[EventDate "2016.12.21"]

1. Nf3 d5 2. g3 Bg4 3. Bg2 Nd7 4. c4 e6 5. cxd5 exd5 6. O-O Ngf6 7. d3 c6 8. Nc3
Bc5 9. Qb3 Bb6 10. Na4 O-O 11. Nxb6 Qxb6 12. Qc2 Rfe8 13. h3 Bh5 14. g4 Bg6 15.
Nh4 Nf8 16. Kh1 Ne6 17. e3 h5 18. g5 Nxg5 19. f4 Nge4 20. dxe4 Nxe4 21. Nxg6
Ng3+ 22. Kg1 Nxf1 23. Bxf1 fxg6 24. Qxg6 Rxe3 25. Bxe3 Qxe3+ 26. Kh1 Rf8 27.
Qxh5 Rxf4 28. Bg2 Rf2 29. Rf1 Rxf1+ 30. Bxf1 Qe4+ 31. Kh2 g6 32. Qe2 Qd4 33. b3
a5 34. Qg4 Qd2+ 35. Qg2 Qf4+ 36. Kh1 Kg7 37. Bd3 Qc1+ 38. Qg1 Qh6 39. Qd4+ Kf7
40. Qf2+ Kg7 41. Kh2 Qg5 42. h4 Qe5+ 43. Qg3 Qb2+ 44. Kh3 Qxa2 45. Qxg6+ Kf8 46.
Qd6+ Kf7 47. Qd7+ Kf6 48. Qxb7 Ke5 49. Qg7+ Kd6 50. Qg3+ Kc5 51. Bf5 Qd2 52. h5
Kb4 53. Kg4 d4 54. Qf4 Qe2+ 55. Qf3 Qe8 56. h6 Qg8+ 57. Kh3 Qg5 58. h7 Qh6+ 59.
Kg4 c5 60. Qh3 Qg7+ 61. Kf3 Qh8 62. Qg4 Qf8 63. Qh5 Qh8 64. Qh6 c4 65. bxc4 1-0

[Event "Nutcracker Rapid 2016"]
[Site "Moscow RUS"]
[Date "2016.12.22"]
[Round "6.1"]
[White "Oparin, Grigoriy"]
[Black "Morozevich, Alexander"]
[Result "1-0"]
[WhiteTitle "GM"]
[BlackTitle "GM"]
[WhiteElo "2616"]
[BlackElo "2676"]
[WhiteTeam "Princes"]
[BlackTeam "Kings"]
[WhiteFideId "24125890"]
[BlackFideId "4116992"]
[EventDate "2016.12.21"]

1. e4 e6 2. d4 d5 3. Nc3 Bb4 4. e5 Ne7 5. a3 Bxc3+ 6. bxc3 c5 7. Nf3 Qc7 8. a4
h6 9. Bb5+ Bd7 10. Bd3 c4 11. Be2 a5 12. Ba3 Nc8 13. Nh4 Bxa4 14. g4 Bd7 15. f4
b5 16. O-O Qd8 17. Qe1 Nc6 18. f5 Rb8 19. Bc5 h5 20. f6 g5 21. Ng6 Rg8 22. gxh5
b4 23. Qg3 Rb5 24. h6 Rxg6 25. h7 Rh6 26. Qxg5 1-0

[Event "Nutcracker Rapid 2016"]
[Site "Moscow RUS"]
[Date "2016.12.22"]
[Round "6.2"]
[White "Dubov, Daniil"]
[Black "Gelfand, Boris"]
[Result "1-0"]
[WhiteTitle "GM"]
[BlackTitle "GM"]
[WhiteElo "2660"]
[BlackElo "2725"]
[WhiteTeam "Princes"]
[BlackTeam "Kings"]
[WhiteFideId "24126055"]
[BlackFideId "2805677"]
[EventDate "2016.12.21"]

1. e4 c5 2. Nf3 Nc6 3. Nc3 e5 4. Bc4 Be7 5. d3 Nf6 6. Ng5 O-O 7. h4 Na5 8. f4 d6
9. f5 Nxc4 10. dxc4 h5 11. Nd5 Ng4 12. a4 Bd7 13. Ne3 Nf6 14. g4 g6 15. Qf3 Kg7
16. gxh5 Nxh5 17. Rg1 Bxg5 18. Rxg5 Rh8 19. fxg6 fxg6 20. Nf5+ Bxf5 21. exf5 e4
22. Qc3+ Kf7 23. fxg6+ Kg8 24. b3 Ng7 25. Bb2 Qe7 26. Qg3 e3 27. Qf3 Rxh4 28.
Qf7+ Qxf7 29. gxf7+ Kf8 30. Rxg7 1-0